书目信息 |
| 书名: | 信息进程和机器翻译 | |
| 作者: | 连波采娃. | |
| 分册号: | ||
| 分册名: | 出版地: | 莫斯科 : |
|
| 出版社: | 科学出版社 | |
| 出版时间: | ||
| 页数: | 166 p. ; | |
| 开本: | 20cm. | |
| 丛书名: | ||
| 中图分类号: | ||
| 科图分类号: | ||
| 其他分类号: | H085 | |
| 主题词: | ||
| 电子资源: | ||
| 000 | 00374nam 2200157 a 4500 | |
| 001 | E0740208793 | |
| 005 | 20070729111309.78 | |
| 008 | 070729s 00010 eng | |
| 040 | @aPFT@bchi | |
| 041 | @achi@hrus | |
| 090 | @aH085 | |
| 099 | @dH085@ex17 | |
| 245 | 1 | @a信息进程和机器翻译 / @c连波采娃. |
| 260 | @a莫斯科 :@b科学出版社. | |
| 300 | @a166 p. ;@c20cm. | |
| 650 | @a机器翻译 | |
| 信息进程和机器翻译 / / 连波采娃.-莫斯科 : : 科学出版社. |
| 166 p. ; ; 20cm. |
| ISBN |
| ● |
| 相关链接 |
|
|
|
|
正题名:信息进程和机器翻译
索取号:H085/x17
 
预约/预借
| 序号 | 登录号 | 条形码 | 馆藏地/架位号 | 状态 | 备注 |
| 1 | 0014640 | 300146401 | 第二样本阅览室/ [索取号:H085/x17] | 在馆 | |
| 2 | 0014641 | 300146410 | 密集书库/ [索取号:H085/x17] | 在馆 | |
| 3 | 0014642 | 300146429 | 第四借阅区/ [索取号:H085/x17] | 在馆 |